000
00270nam a22001217a 4500
003
SGT
082
_a
541.35
_b
SIN
100
_a
SINGH, JAGDAMBA
245
_a
PHOTOCHEMISTRY AND PERICYCLIC REACTIONS
260
_a
DELHI
_b
NAIP
_c
2020
300
_a
519
942
_2
ddc
_c
BK
_0
37
999
_c
22281
_d
22281